Biggest US Cities from A to Z - Statistics

General Stats
  • This quiz has been taken 34 times
  • The average score is 16 of 26
Answer Stats
Letter City pop. Answer % Correct
N 7,936,530 New York City
100%
C 2,611,867 Chicago
97%
D 1,302,638 Dallas
97%
H 2,324,082 Houston
97%
L 3,770,958 Los Angeles
91%
J 1,008,485 Jacksonville
88%
B 639,411 Boston
84%
A 989,252 Austin
81%
I 874,037 Indianapolis
75%
P 1,675,144 Phoenix
75%
S 1,532,653 San Antonio
75%
E 678,760 El Paso
69%
F 1,015,485 Fort Worth
69%
K 512,360 Kansas City
69%
R 493,589 Raleigh
66%
O 715,893 Oklahoma City
63%
W 684,394 Washington DC
63%
M 607,581 Memphis
59%
Q 101,482 Quincy
38%
V 449,625 Virginia Beach
38%
T 550,306 Tucson
31%
G 306,263 Greensboro
28%
Y 205,432 Yonkers
25%
X 26,067 Xenia
22%
Z 33,161 Zionsville
9%
U 79,684 Upland
0%
No matching quizzes found
Score Distribution
Percent of People with Each Score
Percentile by Number Answered
Your Score History
You have not taken this quiz